000 00405nam a2200145Ia 4500
008 100204s9999 xx 000 0 und d
082 _b20238
100 _aमाडगूळकर ग. दि.
245 _aवेग
260 _b"पंडित अनंत कुलकर्णी , पुणे"
_c1997
300 _a150
630 _aवेग
730 _aवेग
942 _cBOOK
999 _c464660
_d464657